| 000 | 00548nam a22001817a 4500 | ||
|---|---|---|---|
| 003 | CEME | ||
| 005 | 20210628202134.0 | ||
| 008 | 210225b xxu||||| |||| 00| 0 eng d | ||
| 020 | _a0-7506-5087-7 | ||
| 040 | _c. | ||
| 082 | _a658.562 MCL | ||
| 100 |
_aMcintosh, R.I Culley, S.J Mileham, A.R _958414 |
||
| 245 | _aImproving changeover performance, a strategy for becoming a lean, responsive manufacturer | ||
| 260 |
_aOXFORD _bBUTTERWORTH _c2001 |
||
| 300 | _aVII,351P | ||
| 650 |
_aIMPROVING PERFORMANCE PERFORMANCE _958415 |
||
| 942 |
_cBK _2ddc |
||
| 999 |
_c568614 _d568614 |
||